Top 20 des joueurs les plus valorisés de Ligue 1 - Statistiques

Statistiques générales
  • Ce quiz a été pris 194 fois
  • Le résultat moyen est 15 sur 20
Statistiques - réponses
Numéro Nationalité Joueur Club Valeur Marchande % Correct
Numéro 4 Maroccain Achraf Hakimi Paris Saint Germain 60,00 Mio €
95%
Numéro 5 Français Ousmane Dembélé Paris Saint Germain 60,00 Mio €
95%
Numéro 1 Français Bradley Barcola Paris Saint Germain 65,00 Mio €
94%
Numéro 8 Brésilien Marquinhos Paris Saint Germain 50,00 Mio €
91%
Numéro 7 Portugais Nuno Mendes Paris Saint Germain 55,00 Mio €
91%
Numéro 6 Portugais Vitinha Paris Saint Germain 55,00 Mio €
91%
Numéro 10 Canadien Jonathan David LOSC Lille 45,00 Mio €
90%
Numéro 16 Anglais Mason Greenwood Olympique de Marseille 35,00 Mio €
87%
Numéro 3 Français Warren Zaïre-Emery Paris Saint Germain 60,00 Mio €
86%
Numéro 2 Portugais Joao Neves Paris Saint Germain 60,00 Mio €
84%
Numéro 9 Portugais Gonçalo Ramos Paris Saint Germain 50,00 Mio €
83%
Numéro 12 Italien Gianluigi Donnarumma Paris Saint Germain 40,00 Mio €
78%
Numéro 11 Equatorien William Pacho Paris Saint Germain 40,00 Mio €
78%
Numéro 17 Espagnol Fabian Ruiz Paris Saint Germain 35,00 Mio €
76%
Numéro 13 Français Randal Kolo Muani Paris Saint Germain 40,00 Mio €
75%
Numéro 20 Français Adrien Rabiot Olympique de Marseille 30,00 Mio €
63%
Numéro 15 Français Lucas Hernandez Paris Saint Germain 40,00 Mio €
60%
Numéro 19 Brésilien Lucas Beraldo Paris Saint Germain 30,00 Mio €
51%
Numéro 14 Français Désiré Doué Paris Saint Germain 40,00 Mio €
46%
Numéro 18 Français Maghnes Akliouche AS Monaco 30,00 Mio €
28%
Aucun quiz correspondant
Distribution des résultats
% des personnes avec chaque résultat
Percentile par nombre de réponses
Votre historique - résultats
Vous n’avez pas pris ce quiz